Quiz o Łodzi - Statystyki

Ogólne statystyki
  • Ten quiz został rozwiązany 2 482 razy
    493 od ostatniego zresetowania
  • Średni wynik to 11 z 16
Statystyki odpowiedzi
Wskazówka Odpowiedź % Poprawnych
W tym wieku nastąpił najszybszy rozwój miasta XIX
94%
Klub piłkarski, w którym występował m.in. Zbigniew Boniek Widzew Łódź
92%
Odwieczny rywal powyższego zespołu ŁKS Łódź
91%
Najsłynniejsza łódzka ulica Piotrkowska
91%
Rejestracja samochodowa Łodzi EL
85%
Największy dworzec kolejowy w Łodzi Łódź Fabryczna
79%
Malunki uliczne z których znane jest miasto Graffiti/Murale
78%
Obecna prezydent miasta Hanna Zdanowska
70%
Uczelnia artystyczna specjalizująca się w sztukach filmowych Państwowa Wyższa Szkoła Filmowa, Telewizyjna i Teatralna im. Leona Schillera w Łodzi
63%
Znany polsko-francuski reżyser, który studiował na powyższej uczelni Roman Polański
60%
Urodzony w Łodzi polski poeta, współzałożyciel kabaretu literackiego „Pod Picadorem” i grupy „Skamander” Julian Tuwim
58%
Lokalne określenie na bilet miesięczny Migawka
57%
Centralny plac Łodzi w kształcie regularnego ośmiokąta foremnego Plac Wolności
57%
Utwór Reymonta opisujący miasto Ziemia obiecana
45%
Postać, której pomnik znajduje się na powyższym placu Tadeusz Kościuszko
44%
Niemiecka nazwa Łodzi, nadana 11 kwietnia 1940 na rozkaz Adolfa Hitlera Litzmannstadt
35%
Nie znaleziono quizów pasujących do podanych kryteriów
Rozkład punktacji
Procent ludzi z każdym wynikiem
Percentyl według liczby udzielonych odpowiedzi
Twoja historia wyników
Nie rozwiązałeś tego quizu od ostatniego zresetowania